| 000 | 02027nam0a2200349 i 4500 | ||
|---|---|---|---|
| 001 | RU\NLR\BIBL_A\010755454 | ||
| 005 | 20260408194854.0 | ||
| 010 |
_a9785789302217 _9300 |
||
| 021 |
_aRU _b2015-25067 |
||
| 035 | _a(NILC)RuMoRGB-007902306 | ||
| 035 | _a(NLR Aleph) 010755454 | ||
| 090 |
_a9960241 _c9960241 |
||
| 100 | _a20150519d2015 km y0rusy50 ca | ||
| 101 | 0 | _arus | |
| 102 | _aRU | ||
| 105 | _aabc|z|||100yy | ||
| 200 | 1 |
_aТрансграничные транспортные коридоры "Восток - Запад": вызовы для национальной экономики _eсборник докладов, [научно-практической конференции, 24 апреля 2014 г. _fпод ред. к.г.-м.н. И.В. Прокофьева] |
|
| 210 |
_aМосква _cРоссийский институт стратегических исследований _d2015 |
||
| 215 |
_a202 с., [18] л. цв. ил., карт., портр. _cтабл. _d20 |
||
| 300 | _aВ надзаг.: Рос. ин-т стратег. исслед. | ||
| 606 |
_aТранспортные коридоры международные _jСъезды, совещания и т.п _92301867 _3RU\NLR\AUTH\661378075 |
||
| 686 | 1 | _aУ37(2)-961я431 | |
| 686 | 1 | _aУ37(2)8-813я431 | |
| 702 | 1 |
_aПрокофьев _bИ. В. _gИгорь Валентинович _4340 |
|
| 711 | 1 | 2 |
_a"Трансграничные транспортные коридоры "Восток - Запад": вызовы для национальной экономики", научно-практическая конференция _eМосква _f2014 _9467416 _3RU\NLR\AUTH\880400249 |
| 712 | 0 | 2 |
_4570 _aРоссийский институт стратегических исследований _9512271 _3RU\NLR\AUTH\8810007353 |
| 801 | 0 |
_aRU _bРГБ _c20150401 _gRCR |
|
| 942 | _cBOOK | ||
| 980 | _aNBR | ||